| 000 | 01021nam a2200253 i 4500 | ||
|---|---|---|---|
| 001 | bg | ||
| 100 | 1 | _aWieczorkowska, Alicja. | |
| 245 | 1 | 0 |
_aMultimedia : _bpodstawy teoretyczne i zastosowania praktyczne / _cAlicja Wieczorkowska ; Polsko-Japońska Wyższa Szkoła Technik Komputerowych. |
| 260 |
_aWarszawa : _bWydawnictwo Polsko-Japońskiej Wyższej Szkoły Technik Komputerowych, _ccop. 2008. |
||
| 300 |
_aVI, 359 s. : _bil. ; _c24 cm. |
||
| 490 | 1 |
_aPodręczniki Akademickie / Polsko-Japońska Wyższa Szkoła Technik Komputerowych ; _vt. 30 |
|
| 650 | 9 | _aMultimedia | |
| 655 | _aPodręczniki akademickie | ||
| 830 | 0 |
_aPodręczniki Akademickie (Polsko-Japońska Wyższa Szkoła Technik Komputerowych) _vt. 30 |
|
| 020 | _a9788389244673 | ||
| 040 | _cBPK | ||
| 041 | _apol | ||
| 044 | _aPOL | ||
| 080 | _a004.032.6(075.8) | ||
| 920 | _a978-83-89244-67-3 | ||
| 942 | _cKS | ||
| 008 | s pl f |000 0 pol | ||
| 999 |
_c55583 _d55583 |
||
| 856 |
_uhttp://koha.tu.koszalin.pl/cgi-bin/koha/opac-detail.pl?biblionumber=55583 _yKatalog online BPK |
||